| 000 | 00000nam 2200000zi 4500 |
| 001 | 9.898940 |
| 003 | CaOODSP |
| 005 | 20221107175000 |
| 006 | m o d f |
| 007 | cr cn||||||||| |
| 008 | 210420e20220210onc ob f000 0 fre d |
| 020 | |a9780660385327 |
| 040 | |aCaOODSP|bfre|erda|cCaOODSP |
| 043 | |an-cn--- |
| 086 | 1 |aH139-24/2021F-PDF |
| 245 | 00|aBonnes pratiques de fabrication des ingrédients pharmaceutiques actifs. |
| 246 | 17|aBonnes pratiques de fabrication des ingrédients pharmaceutiques actifs, version 2 (GUI-0104) |
| 264 | 1|aOttawa (Ontario) : |bSanté Canada = Health Canada, |c10 février 2022. |
| 264 | 4|c©2021 |
| 300 | |a1 ressource en ligne (140 pages) |
| 336 | |atexte|btxt|2rdacontent/fre |
| 337 | |ainformatique|bc|2rdamedia/fre |
| 338 | |aressource en ligne|bcr|2rdacarrier/fre |
| 500 | |aPublié aussi en anglais sous le titre : Good manufacturing practices for active pharmaceutical ingredients. |
| 500 | |a« GUI-0104. » |
| 500 | |a« Pub. : 210055. » |
| 500 | |aPublié aussi en format HTML. |
| 504 | |aComprend des références bibliographiques (pages 129-132). |
| 650 | 6|aMédicaments|xNormes|zCanada. |
| 650 | 6|aLaboratoires pharmaceutiques|zCanada. |
| 650 | 6|aIndustrie pharmaceutique|zCanada. |
| 710 | 1 |aCanada. |bSanté Canada, |eorganisme de publication. |
| 775 | 08|tGood manufacturing practices for active pharmaceutical ingredients.|w(CaOODSP)9.898938 |
| 856 | 40|qPDF|s2.36 Mo|uhttps://publications.gc.ca/collections/collection_2022/sc-hc/H139-24-2021-fra.pdf |
| 856 | 4 |qHTML|sS.O.|uhttps://www.canada.ca/fr/sante-canada/services/medicaments-produits-sante/conformite-application-loi/information-produits-sante/drogues/lignes-directrices-ingredients-pharmaceutiques-actifs-0104/document.html |